| 000 | 00357nam a22001457a 4500 | ||
|---|---|---|---|
| 003 | SGT | ||
| 082 |
_a615 _bP62A |
||
| 100 | _aALEXANDER, MO | ||
| 245 | _aPRACTICE OF HOMOEOPATHIC MEDICINE | ||
| 260 |
_aKERALA _bHAHNEMANN RESEARCH INSTITUTE _c1962 |
||
| 300 | _a414 | ||
| 650 | _aMEDICINE | ||
| 653 | _aPRACTICE , HOMOEOPATHIC, MEDICINE | ||
| 942 |
_2ddc _cRARE |
||
| 999 |
_c24146 _d24146 |
||